01269nam a22002297a 4500999001700000003000900017008004100026040007100067082002400138245008200162260003300244300002700277505035600304650002100660650001700681650001800698942001200716945000800728952009700736952010300833952010300936  c21015d21015AR-CdUCM190724b           ||||| |||| 00| 0 spa d  aMUNICIPALIDAD PROVINCIAL DEL CUSCOcBIBLIOTECA MUNICIPAL DEL CUSCO  aC / 050.985 /bED25  aEl educador espinarense :borgano del magisterio de la provincia de Espinar /  aCuzco :bH. G. Rozas,c1960.  a20 páginas ;c29 cm.  aContenido : Escuelas rodantes para la región andina -- Didáctica de la lectura y escritura para las clases de 2do año -- Rincón poético -- La educación de la mujer campesina -- Protección de la infancia -- Importancia de la biografía de Héroes -- Lo que no debe faltar en la escuela -- Valor pedagógico de los deberes escolares ...  aEducación9460  aYauri941298  aEspinar91330  2ddccPP  azta  002ddc4070aSCAbSCAcCARTd2019-07-24oC / 050.985 / ED25pSCA0003946r2019-07-24yLIBROS  002ddc4070aSCAbSCAcCARTd2019-07-24oC / 050.985 / ED25 / e.2pSCA0003948r2019-07-24yLIBROS  002ddc4070aSCAbSCAcCARTd2019-07-24oC / 050.985 / ED25 / e.3pSCA0003950r2019-07-24yLIBROS